000 00321nam a22001457a 4500
008 210505b ||||| |||| 00| 0 eng d
020 _a9789951895705
041 _aeng
080 _a72
082 _a72
100 _a41
101 _aARK
245 _aHapsirat e Braktisura te Kosoves
_cSali Shoshi
942 _2udc
_cBK
999 _c57076
_d57076